| 000 | 01079nam a22002777a 4500 | ||
|---|---|---|---|
| 999 |
_c20956 _d20956 |
||
| 003 | AR-CdUCM | ||
| 008 | 190610b ||||| |||| 00| 0 spa d | ||
| 040 |
_aMUNICIPALIDAD PROVINCIAL DEL CUSCO _cBIBLIOTECA MUNICIPAL DEL CUSCO |
||
| 041 | _heng | ||
| 082 |
_a330 / _bK18 |
||
| 100 |
_aKalecki, M. _943723 |
||
| 245 |
_aTeoría del dinámica económica : _bEnsayo sobre los movimientos cíclicos y a largo plazo de la economía capitalista / |
||
| 260 |
_aMéxico, D. F. : _bPanamericana, _c1956. |
||
| 300 |
_a183 páginas ; _c22 cm. |
||
| 440 |
_aFondo de Cultura Económica _913042 |
||
| 500 | _a[libro reempastado] | ||
| 505 | _aContenido: Grado de monopolio y distribución de los ingresos -- Costos y precios -- Distribución de ingreso nacional -- Determinación de las ganancias... | ||
| 650 |
_aPrecio _922974 |
||
| 650 |
_aIngresos _943724 |
||
| 650 |
_aMonopolio _92677 |
||
| 650 |
_aInversión _91712 |
||
| 650 |
_aDesarrollo económico _91696 |
||
| 700 |
_aPazos, Felipe y Urquidi Víctor L. (traductores) _943725 |
||
| 942 |
_2ddc _cLIBROS |
||
| 945 | _aAndy | ||